Statistics for Slayer Albums

Click here to take the quiz!

General Stats

  • This quiz has been taken 341 times
  • The average score is 10 of 14

Answer Stats

Year of releaseAlbum name% Correct
1986Reign In Blood
94%
1988South Of Heaven
90%
1990Seasons in the Abyss
84%
2001God Hates Us All
82%
1983Show No Mercy
78%
1985Hell Awaits
77%
2015Repentless
75%
2006Christ illusion
72%
2009World Painted Blood
69%
1998Diabolus in Musica
59%
1994Divine Intervention
57%
1984 - liveLive Undead
54%
1996Undisputed Attitude
41%
1991 - liveDecade of Aggression
36%

Score Distribution

Percentile by Number Answered

Percent of People with Each Score

Your Score History

You have not taken this quiz